Intermediate vocabulary games

Sparad:
Bibliografiska uppgifter
Huvudupphovsman: Hadfield, Jill
Materialtyp: Bok
Språk:Undetermined
Publicerad: Harlow, Eng Pearson Education 2004
Ämnen:
Taggar: Lägg till en tagg
Inga taggar, Lägg till första taggen!
Thư viện lưu trữ: Trung tâm Học liệu Trường Đại học Cần Thơ
LEADER 00544nam a2200205Ia 4500
001 CTU_74579
008 210402s9999 xx 000 0 und d
020 |b 545000 
082 |a 428.24 
082 |b H129iv 
100 |a Hadfield, Jill 
245 0 |a Intermediate vocabulary games 
245 0 |c Jill Hadfield 
260 |a Harlow, Eng 
260 |b Pearson Education 
260 |c 2004 
650 |a English language 
650 |x Textbooks for foreign speakers 
904 |i Minh 
980 |a Trung tâm Học liệu Trường Đại học Cần Thơ